[Event "19th Asia-ch (w)"]
[Site "Al-Ain UAE"]
[Date "2015.08.06"]
[Round "5.27"]
[White "Faqih, Asil"]
[Black "Al-Maamari, Wafa Darwish"]
[Result "0-1"]
[WhiteElo "1599"]
[BlackElo "1500"]
[EventDate "2015.08.02"]
[PlyCount "58"]

1.e4 e5 2.Nf3 Nc6 3.d4 exd4 4.Bc4 Nf6 5.e5 Ng4 6.Nxd4 Ngxe5 7.Nxc6 Nxc6 8.
O-O Be7 9.Re1 O-O 10.Nc3 d6 11.Nd5 Bf6 12.Nxf6+ Qxf6 13.Qd5 Be6 14.Qd3 Ne5
15.Qe4 Nxc4 16.Qxb7 Rab8 17.Qxa7 Nxb2 18.Bxb2 Rxb2 19.Qxc7 Rc8 20.Qxd6 
Rbxc2 21.f3 Qg5 22.g3 Qc5+ 23.Qxc5 R8xc5 24.a4 Ra5 25.Re4 h6 26.Rb1 Ra2 
27.Rbb4 Rc5 28.Kf1 Rc1+ 29.Re1 Bh3+ 0-1

[Event "19th Asia-ch (w)"]
[Site "Al-Ain UAE"]
[Date "2015.08.06"]
[Round "5.28"]
[White "Al-Gildah, Nibal"]
[Black "Alymbay, Kyzy Aizhan"]
[Result "0-1"]
[WhiteElo "1920"]
[BlackElo "1903"]
[EventDate "2015.08.02"]
[PlyCount "113"]

1.Nf3 d5 2.d4 Nf6 3.Bg5 Ne4 4.Bf4 c5 5.c3 e6 6.e3 Nc6 7.Nbd2 Nf6 8.Bd3 Ne4
9.Bg5 Qb6 10.Qc2 h6 11.Bh4 g5 12.Bg3 c4 13.Be2 Nxg3 14.hxg3 Be7 15.O-O-O 
Bd7 16.e4 O-O-O 17.Rh5 Bf6 18.Rdh1 Bg7 19.e5 Rdf8 20.Nf1 Qa5 21.Qb1 Be8 
22.R5h2 f6 23.exf6 Rxf6 24.Ne3 Bg6 25.Qa1 Rff8 26.a4 Qb6 27.Qa3 Na5 28.Bd1
Kb8 29.Re1 Be4 30.Rhh1 Qd8 31.Ref1 Nc6 32.Nd2 Bd3 33.Re1 Rxf2 34.Ng4 Bf8 
35.Qa2 Rf7 36.Rxe6 Bf5 37.Ree1 Bxg4 38.Bxg4 Bd6 39.Re6 Bxg3 40.Rhxh6 Rxh6 
41.Rxh6 Bf4 42.Re6 Na5 43.Kd1 Bxd2 44.Kxd2 Rf2+ 45.Re2 Qf6 46.Bf3 Qf4+ 47.
Ke1 Rxe2+ 48.Kxe2 Nb3 49.Qa3 Nc1+ 50.Kd1 Nd3 51.b3 g4 52.Be2 Nf2+ 53.Ke1 
cxb3 54.Qxb3 Ne4 55.c4 Qf2+ 56.Kd1 Qxd4+ 57.Bd3 0-1

[Event "19th Asia-ch (w)"]
[Site "Al-Ain UAE"]
[Date "2015.08.07"]
[Round "6.1"]
[White "Aulia, Medina Warda"]
[Black "Hejazipour, Mitra"]
[Result "0-1"]
[WhiteElo "2412"]
[BlackElo "2321"]
[EventDate "2015.08.02"]
[PlyCount "78"]

1.e4 c5 2.Nf3 d6 3.Bb5+ Bd7 4.Bxd7+ Qxd7 5.O-O Nf6 6.Re1 Nc6 7.c3 e6 8.d4 
cxd4 9.cxd4 d5 10.e5 Ne4 11.Nc3 Nxc3 12.bxc3 Be7 13.Re3 O-O 14.Rb1 Na5 15.
h4 Nc4 16.Rd3 f5 17.exf6 Rxf6 18.Bg5 Rf5 19.Qe2 h6 20.Bxe7 Qxe7 21.Re1 Re8
22.g3 Ref8 23.Kg2 R8f6 24.g4 Rf4 25.g5 hxg5 26.hxg5 Rg6 27.Rh1 Qf7 28.Kf1 
Qf5 29.Rg1 Qh3+ 30.Ke1 Re4 31.Re3 Nxe3 32.fxe3 Rg4 33.Rxg4 Qxg4 34.Kd2 Qe4
35.Kc1 e5 36.Nxe5 Rxg5 37.Qb5 Qh1+ 38.Kb2 Rg2+ 39.Ka3 Qc1+ 0-1

[Event "19th Asia-ch (w)"]
[Site "Al-Ain UAE"]
[Date "2015.08.07"]
[Round "6.2"]
[White "Lei Tingjie"]
[Black "Pourkashiyan, Atousa"]
[Result "1/2-1/2"]
[WhiteElo "2436"]
[BlackElo "2341"]
[EventDate "2015.08.02"]
[PlyCount "55"]

1.Nf3 d5 2.d4 Nf6 3.c4 e6 4.g3 dxc4 5.Bg2 a6 6.O-O Nc6 7.Nbd2 Nxd4 8.Nxc4 
Nxf3+ 9.Bxf3 Qxd1 10.Rxd1 Be7 11.Bf4 Nd5 12.Be5 f6 13.e4 Nb6 14.Nxb6 cxb6 
15.Bc7 e5 16.Bxb6 Bd7 17.Be2 Rc8 18.Rac1 Rxc1 19.Rxc1 Bd6 20.Bc4 Ke7 21.
Bd5 Be6 22.Bxe6 Kxe6 23.Kg2 Kd7 24.Kf3 Rc8 25.Rxc8 Kxc8 26.Kg4 Kd7 27.h4 
g6 28.h5 1/2-1/2

[Event "19th Asia-ch (w)"]
[Site "Al-Ain UAE"]
[Date "2015.08.07"]
[Round "6.3"]
[White "Vijayalakshmi, Subbaraman"]
[Black "Tan Zhongyi"]
[Result "1-0"]
[WhiteElo "2341"]
[BlackElo "2512"]
[EventDate "2015.08.02"]
[PlyCount "71"]

1.d4 d5 2.c4 e6 3.Nc3 Bb4 4.Nf3 Nf6 5.Qb3 c5 6.cxd5 exd5 7.dxc5 Nc6 8.Bg5 
h6 9.Bxf6 Qxf6 10.e3 Be6 11.Bb5 Bxc5 12.O-O O-O 13.Rac1 Rfd8 14.Bxc6 bxc6 
15.Na4 Rab8 16.Qc3 Qxc3 17.Rxc3 Be7 18.Nd4 Bf6 19.Nxc6 Bd7 20.Nxb8 Bxa4 
21.Nc6 Bxc3 22.Nxd8 Bxb2 23.Rb1 Bf6 24.Rb4 Be8 25.Rb8 Be5 26.Ra8 Kh7 27.
Rxa7 Bf6 28.Nxf7 d4 29.exd4 Bxd4 30.Re7 Bc6 31.Ne5 Bb5 32.h4 h5 33.Nf3 Bf6
34.Ra7 Kg6 35.a4 Be2 36.a5 1-0

[Event "19th Asia-ch (w)"]
[Site "Al-Ain UAE"]
[Date "2015.08.07"]
[Round "6.4"]
[White "Li Ruofan"]
[Black "Shen Yang"]
[Result "0-1"]
[WhiteElo "2374"]
[BlackElo "2443"]
[EventDate "2015.08.02"]
[PlyCount "56"]

1.d4 d5 2.c4 c6 3.Nc3 Nf6 4.e3 e6 5.Nf3 Nbd7 6.Qc2 Bd6 7.Bd3 O-O 8.O-O 
dxc4 9.Bxc4 b5 10.Bd3 Bb7 11.a3 Qe7 12.h3 Rfe8 13.Ng5 h6 14.Nge4 Bc7 15.b4
a5 16.Rb1 axb4 17.axb4 e5 18.Rd1 Nxe4 19.Bxe4 exd4 20.exd4 Nf6 21.Re1 Qd6 
22.g3 Qd7 23.h4 Nxe4 24.Rxe4 c5 25.d5 Rxe4 26.Qxe4 Re8 27.Qd3 Re1+ 28.Kh2 
Bc8 0-1

[Event "19th Asia-ch (w)"]
[Site "Al-Ain UAE"]
[Date "2015.08.07"]
[Round "6.5"]
[White "Davletbaeva, Madina"]
[Black "Saduakasova, Dinara"]
[Result "0-1"]
[WhiteElo "2243"]
[BlackElo "2401"]
[EventDate "2015.08.02"]
[PlyCount "144"]

1.e4 c5 2.c3 Nf6 3.e5 Nd5 4.d4 cxd4 5.cxd4 e6 6.Nc3 Nxc3 7.bxc3 d6 8.exd6 
Bxd6 9.Nf3 Qc7 10.Bd2 b6 11.Bd3 Bb7 12.O-O Nd7 13.h3 h6 14.Re1 O-O 15.Rc1 
Ba3 16.Rb1 Bd5 17.Be4 Bxe4 18.Rxe4 Nf6 19.Re1 Rac8 20.Ne5 Rfd8 21.Qf3 Bd6 
22.Rb3 Bxe5 23.Rxe5 Qc6 24.Qg3 Ne4 25.Qf4 Nd6 26.Qg4 Nf5 27.Ra3 Rd7 28.Qe2
Nd6 29.Rb3 Nc4 30.Rh5 Rd5 31.Rxd5 Qxd5 32.Bf4 Na5 33.Qa6 Rc6 34.Rb2 Qe4 
35.Be3 Nc4 36.Re2 Rc7 37.Qa4 Nd6 38.Qb4 Rc6 39.Qa4 Rc7 40.Qb4 Nc4 41.Qa4 
Qc6 42.Qxc6 Rxc6 43.Rc2 Kf8 44.Kf1 Ke7 45.Ke2 Kd6 46.Kd3 Kd5 47.Bf4 Rc8 
48.Re2 f6 49.f3 b5 50.Bc1 Nb6 51.Ba3 Na4 52.Bb4 a6 53.f4 Nb6 54.Bc5 Nd7 
55.Bb4 Rc4 56.Rf2 h5 57.g4 h4 58.Re2 e5 59.fxe5 fxe5 60.dxe5 Nxe5+ 61.Kc2 
Nc6 62.Rd2+ Ke4 63.Bf8 g6 64.a3 Kf3 65.Bg7 Rc5 66.Bf6 g5 67.Kb3 Kg3 68.
Rd3+ Kg2 69.a4 Ne5 70.Rd2+ Kxh3 71.Bxe5 Rxe5 72.axb5 axb5 0-1

[Event "19th Asia-ch (w)"]
[Site "Al-Ain UAE"]
[Date "2015.08.07"]
[Round "6.6"]
[White "Gomes, Mary Ann"]
[Black "Wang Jue"]
[Result "1-0"]
[WhiteElo "2314"]
[BlackElo "2360"]
[EventDate "2015.08.02"]
[PlyCount "69"]

1.e4 c5 2.Nf3 e6 3.d4 cxd4 4.Nxd4 Nc6 5.Nc3 a6 6.Nxc6 bxc6 7.Bd3 d5 8.O-O 
Nf6 9.Re1 Be7 10.e5 Nd7 11.Qg4 g6 12.b3 Rb8 13.a3 c5 14.Bh6 d4 15.Na4 Nb6 
16.Nxb6 Rxb6 17.Qh3 Bf8 18.Bxf8 Kxf8 19.Qh6+ Ke7 20.Re4 Bb7 21.Rf4 Qd5 22.
Qg5+ Ke8 23.Be4 Qd7 24.Bxb7 Rxb7 25.Rd1 a5 26.h3 Qe7 27.Qg3 h5 28.h4 Rg8 
29.Rf6 Kf8 30.Qg5 Kg7 31.Rd3 Rd7 32.g4 Rh8 33.Rg3 Kf8 34.gxh5 Rxh5 35.Qxg6
1-0

[Event "19th Asia-ch (w)"]
[Site "Al-Ain UAE"]
[Date "2015.08.07"]
[Round "6.7"]
[White "Karavade, Eesha"]
[Black "Pratyusha, Bodda"]
[Result "1/2-1/2"]
[WhiteElo "2409"]
[BlackElo "2194"]
[EventDate "2015.08.02"]
[PlyCount "65"]

1.c4 b6 2.Nf3 Bb7 3.d4 e6 4.Nc3 Nf6 5.e3 d5 6.cxd5 exd5 7.Bb5+ c6 8.Bd3 
Nbd7 9.O-O Bd6 10.e4 dxe4 11.Nxe4 Nxe4 12.Bxe4 O-O 13.Qc2 Nf6 14.Bg5 h6 
15.Bh4 Rc8 16.Rfe1 Be7 17.Bxf6 Bxf6 18.Rad1 Qc7 19.b3 Rfe8 20.h3 Re7 21.
Re3 Rd8 22.Rde1 Kf8 23.Rd1 Rd6 24.Re2 g5 25.Bf5 Rxe2 26.Qxe2 Qd8 27.Re1 
Kg7 28.Bc2 Re6 29.Qd1 Rxe1+ 30.Qxe1 c5 31.dxc5 Bxf3 32.gxf3 bxc5 33.Qd1 
1/2-1/2

[Event "19th Asia-ch (w)"]
[Site "Al-Ain UAE"]
[Date "2015.08.07"]
[Round "6.8"]
[White "Kulkarni, Bhakti Pradip"]
[Black "Padmini, Rout"]
[Result "1/2-1/2"]
[WhiteElo "2262"]
[BlackElo "2444"]
[EventDate "2015.08.02"]
[PlyCount "59"]

1.d4 Nf6 2.c4 g6 3.Nc3 d5 4.cxd5 Nxd5 5.e4 Nxc3 6.bxc3 Bg7 7.Bg5 c5 8.Rc1 
Qa5 9.Qd2 cxd4 10.cxd4 Qxd2+ 11.Kxd2 Nd7 12.d5 h6 13.Bh4 O-O 14.Bb5 g5 15.
Bg3 Nf6 16.f3 a6 17.Ba4 b5 18.Bb3 e6 19.dxe6 Bxe6 20.Bxe6 fxe6 21.Ne2 Rfc8
22.Rxc8+ Rxc8 23.Rc1 Rxc1 24.Nxc1 Nd7 25.Nb3 Kf7 26.Bd6 e5 27.Kc3 Ke6 28.
Bb4 Bf6 29.g4 Bd8 30.Kd3 1/2-1/2

[Event "19th Asia-ch (w)"]
[Site "Al-Ain UAE"]
[Date "2015.08.07"]
[Round "6.9"]
[White "Khademalsharieh, Sarasadat"]
[Black "Kurbonboeva, Sarvinoz"]
[Result "1-0"]
[WhiteElo "2412"]
[BlackElo "2264"]
[EventDate "2015.08.02"]
[PlyCount "49"]

1.d4 Nf6 2.c4 g6 3.Nc3 Bg7 4.e4 d6 5.Be2 O-O 6.Be3 e5 7.d5 a5 8.g4 Na6 9.
h4 Nc5 10.Bf3 Ne8 11.h5 f5 12.gxf5 gxf5 13.Qc2 Nf6 14.h6 Bh8 15.Nh3 Ng4 
16.Rg1 Kf7 17.Bxc5 dxc5 18.exf5 Nxh6 19.Ng5+ Ke7 20.d6+ Kd7 21.Ne6 Qf6 22.
Nd5 Qxf5 23.Nxf8+ Qxf8 24.Qxh7+ Qf7 25.Bg4+ 1-0

[Event "19th Asia-ch (w)"]
[Site "Al-Ain UAE"]
[Date "2015.08.07"]
[Round "6.10"]
[White "Asgarizadeh, Minoo"]
[Black "Zhai Mo"]
[Result "1/2-1/2"]
[WhiteElo "2180"]
[BlackElo "2406"]
[EventDate "2015.08.02"]
[PlyCount "82"]

1.e4 c5 2.Nf3 d6 3.d4 cxd4 4.Nxd4 Nf6 5.Nc3 a6 6.Be2 e5 7.Nb3 Be7 8.Be3 
Be6 9.O-O O-O 10.Qd2 Qc7 11.a4 Nbd7 12.Rfd1 Rac8 13.f3 Nb6 14.a5 Nc4 15.
Bxc4 Qxc4 16.Bg5 Rfd8 17.Qd3 Qc7 18.Be3 Qc6 19.Bb6 Rd7 20.Nd5 Bxd5 21.exd5
Qc4 22.Qxc4 Rxc4 23.c3 Bd8 24.Be3 h6 25.Nd2 Rc8 26.c4 Re7 27.Kf2 e4 28.Bd4
Re8 29.Re1 exf3 30.Rxe8+ Nxe8 31.Kxf3 Bg5 32.Be3 Bxe3 33.Kxe3 Nf6 34.Kd3 
Re8 35.Nf3 Ng4 36.Re1 Kf8 37.Rxe8+ Kxe8 38.b4 Kd7 39.Kd4 Nf6 40.Nd2 Ne8 
41.Ke4 g6 1/2-1/2

[Event "19th Asia-ch (w)"]
[Site "Al-Ain UAE"]
[Date "2015.08.07"]
[Round "6.11"]
[White "Nguyen Thi Mai Hung"]
[Black "Zhang Xiaowen"]
[Result "1-0"]
[WhiteElo "2227"]
[BlackElo "2376"]
[EventDate "2015.08.02"]
[PlyCount "93"]

1.d4 Nf6 2.Nf3 g6 3.g3 Bg7 4.Bg2 O-O 5.O-O d6 6.a4 a5 7.Re1 Nbd7 8.e4 e5 
9.Nc3 exd4 10.Nxd4 Re8 11.Bg5 h6 12.Be3 Nb6 13.Qd3 Ng4 14.Bf4 g5 15.Bc1 d5
16.Rd1 c5 17.Nf5 Bxf5 18.exf5 Bd4 19.Rf1 Qe7 20.Nd1 Rad8 21.Qf3 Nf6 22.h4 
Ne4 23.hxg5 hxg5 24.c3 Bg7 25.Ne3 Nf6 26.Ng4 Nxg4 27.Qxg4 f6 28.f4 Bh6 29.
fxg5 Bxg5 30.Bxg5 Qg7 31.Rf4 Qxg5 32.Qxg5+ fxg5 33.Rg4 Kf7 34.Rxg5 Re2 35.
Bf3 Rxb2 36.Rh5 Re8 37.g4 Re3 38.Rf1 Rxc3 39.g5 Rbb3 40.Kg2 Rb2+ 41.Kg3 
Nc4 42.Rh7+ Kf8 43.Rh8+ Ke7 44.f6+ Ke6 45.Re1+ Kf7 46.Re7+ Kg6 47.Rh1 1-0

[Event "19th Asia-ch (w)"]
[Site "Al-Ain UAE"]
[Date "2015.08.07"]
[Round "6.12"]
[White "Shamima, Akter Liza"]
[Black "Soumya, Swaminathan"]
[Result "0-1"]
[WhiteElo "2155"]
[BlackElo "2325"]
[EventDate "2015.08.02"]
[PlyCount "100"]

1.d4 Nf6 2.c4 c5 3.d5 e6 4.Nc3 exd5 5.cxd5 d6 6.e4 g6 7.Nge2 Bg7 8.Ng3 O-O
9.Be2 a6 10.a4 Nbd7 11.O-O Rb8 12.Be3 Re8 13.Qd2 h5 14.f3 Nh7 15.f4 Nhf6 
16.e5 dxe5 17.f5 Qa5 18.fxg6 fxg6 19.Qc2 Nf8 20.Bd3 Ng4 21.Bg5 c4 22.Be4 
Qb6+ 23.Kh1 Bd7 24.Rf3 Qd6 25.Raf1 b5 26.axb5 axb5 27.h3 b4 28.Nd1 Rec8 
29.hxg4 Bxg4 30.Rf7 Bxd1 31.Qxd1 c3 32.Qf3 Rc7 33.bxc3 bxc3 34.Rxc7 Qxc7 
35.d6 Qxd6 36.Qxc3 Ne6 37.Qe3 Nf4 38.Ne2 Qa6 39.Bxf4 exf4 40.Bd5+ Kh7 41.
Qe4 Rf8 42.Bc4 Qf6 43.Bd3 Qh4+ 44.Kg1 Rf5 45.Nxf4 Be5 46.Qb7+ Kh6 47.g3 
Rg5 48.Bxg6 Bd4+ 49.Rf2 Qxg3+ 50.Kh1 Qg1# 0-1

[Event "19th Asia-ch (w)"]
[Site "Al-Ain UAE"]
[Date "2015.08.07"]
[Round "6.13"]
[White "Enkhtuul, Altanulzii"]
[Black "Hakimifard, Raana"]
[Result "1/2-1/2"]
[WhiteElo "2269"]
[BlackElo "2084"]
[EventDate "2015.08.02"]
[PlyCount "146"]

1.Nf3 Nf6 2.d4 e6 3.g3 b5 4.Bg2 Bb7 5.O-O Be7 6.c3 O-O 7.a4 b4 8.a5 bxc3 
9.Nxc3 Na6 10.Bg5 h6 11.Bxf6 Bxf6 12.e4 d5 13.exd5 exd5 14.Ne1 Rb8 15.Nc2 
c6 16.b4 Nc7 17.Re1 Bc8 18.Qd3 g6 19.Qd2 Kh7 20.Bf1 Bf5 21.Bd3 Qd7 22.Na4 
Bxd3 23.Nc5 Qf5 24.Qxd3 Qxd3 25.Nxd3 Ne6 26.Ne5 Bxe5 27.Rxe5 Rfe8 28.Rae1 
Kg7 29.R5e3 Kf8 30.f4 Re7 31.Kf2 Rbe8 32.Rc3 f6 33.Ree3 Nd8 34.a6 Rd7 35.
Rc5 Rxe3 36.Kxe3 Rd6 37.b5 cxb5 38.Nb4 Ne6 39.Rxb5 Nc7 40.Rb8+ Ke7 41.Rb7 
Kd8 42.Rxa7 h5 43.f5 g5 44.Kd3 Kc8 45.Kc2 Kb8 46.Rb7+ Kc8 47.Kc3 g4 48.Kb3
Nxa6 49.Rb5 Nc7 50.Rc5 Kd7 51.Kc3 Kd8 52.Nd3 Ra6 53.Nf4 Ra2 54.Nxh5 Rxh2 
55.Nxf6 Rh3 56.Nxd5 Nxd5+ 57.Rxd5+ Ke7 58.Re5+ Kf6 59.Re3 Kxf5 60.d5 Rh1 
61.Kd4 Rd1+ 62.Kc5 Rc1+ 63.Kd6 Rf1 64.Re5+ Kf6 65.Re8 Rf3 66.Kd7 Rxg3 67.
d6 Rd3 68.Rf8+ Ke5 69.Re8+ Kf4 70.Kc7 g3 71.d7 g2 72.Rf8+ Ke3 73.Rg8 Kf2 
1/2-1/2

[Event "19th Asia-ch (w)"]
[Site "Al-Ain UAE"]
[Date "2015.08.07"]
[Round "6.14"]
[White "Nguyen Thi Thanh An"]
[Black "Tania, Sachdev"]
[Result "0-1"]
[WhiteElo "2219"]
[BlackElo "2390"]
[EventDate "2015.08.02"]
[PlyCount "80"]

1.Nf3 Nf6 2.c4 b6 3.g3 Bb7 4.Bg2 e6 5.O-O Be7 6.d4 O-O 7.Re1 Na6 8.Bg5 c5 
9.Nc3 Ne4 10.Bxe7 Qxe7 11.d5 Nxc3 12.bxc3 exd5 13.cxd5 d6 14.e4 Nc7 15.c4 
a6 16.Rb1 b5 17.a4 b4 18.e5 Rad8 19.Qc2 h6 20.Nh4 Bc8 21.f4 Rfe8 22.Be4 
dxe5 23.fxe5 Qg5 24.Qf2 Qg4 25.Qxc5 Rxe5 26.Bh7+ Kxh7 27.Rxe5 Ne8 28.Rbe1 
Nd6 29.Qxb4 Qd4+ 30.Kg2 Bb7 31.Nf3 Qxc4 32.Qb1+ g6 33.Qd1 Nf5 34.R1e4 Rxd5
35.Rxc4 Rxd1 36.Kf2 Nd6 37.Rb4 Bc6 38.Ke2 Ra1 39.Rb6 Bxf3+ 40.Kxf3 Nc4 0-1

[Event "19th Asia-ch (w)"]
[Site "Al-Ain UAE"]
[Date "2015.08.07"]
[Round "6.15"]
[White "Chu Ruotong"]
[Black "Pham Le Thao Nguyen"]
[Result "0-1"]
[WhiteElo "2048"]
[BlackElo "2332"]
[EventDate "2015.08.02"]
[PlyCount "100"]

1.d4 d5 2.c4 c6 3.cxd5 cxd5 4.Bf4 Nc6 5.e3 Nf6 6.Nc3 Bf5 7.Qb3 Na5 8.Qa4+ 
Bd7 9.Qc2 e6 10.Bd3 Rc8 11.Nf3 Nc4 12.O-O Be7 13.h3 h6 14.Ne5 O-O 15.Qe2 
Nd6 16.a4 a6 17.a5 Be8 18.f3 Nd7 19.Nxd7 Bxd7 20.Rfb1 Re8 21.Qe1 Nc4 22.
Bxc4 Rxc4 23.b3 Rc8 24.Na4 Bb5 25.Nb6 Rc2 26.Rc1 Re2 27.Qc3 Bd6 28.g3 Bxf4
29.exf4 g5 30.fxg5 Qxg5 31.f4 Qf5 32.Re1 Qxh3 33.Rxe2 Bxe2 34.Nd7 Rd8 35.
Nc5 Qh5 36.Re1 Bf3 37.Kf2 Bg4 38.Rg1 Kh8 39.Qe3 f6 40.Nxb7 Rb8 41.Nc5 Rb5 
42.Nxe6 Rxa5 43.Qd2 Rb5 44.Qe3 Rb8 45.Nc7 Qf7 46.Rc1 a5 47.f5 Qh5 48.Kg1 
Bf3 49.Qe6 Rf8 50.Qd6 Qh1+ 0-1

[Event "19th Asia-ch (w)"]
[Site "Al-Ain UAE"]
[Date "2015.08.07"]
[Round "6.16"]
[White "Dauletova, Gulmira"]
[Black "Hakimifard, Ghazal"]
[Result "1/2-1/2"]
[WhiteElo "2278"]
[BlackElo "2219"]
[EventDate "2015.08.02"]
[PlyCount "111"]

1.e4 e5 2.Nf3 Nc6 3.Bb5 a6 4.Ba4 Nf6 5.O-O Be7 6.Re1 b5 7.Bb3 O-O 8.d4 
Nxd4 9.Nxd4 exd4 10.e5 Ne8 11.Qxd4 c5 12.Qe4 Rb8 13.c3 Rb6 14.Bc2 g6 15.
Bh6 Ng7 16.Nd2 d5 17.Qe2 f6 18.exf6 Bxf6 19.Nb3 Qc7 20.Qe3 Rc6 21.Qd2 Rd8 
22.Bg5 Bf5 23.Bxf5 Nxf5 24.Bxf6 Rxf6 25.Qg5 Kg7 26.Rad1 d4 27.cxd4 cxd4 
28.Rc1 Qd6 29.Nc5 h6 30.Qd2 Qd5 31.Nd3 Qxa2 32.Rc7+ Rf7 33.Qf4 Rf8 34.h3 
Rxc7 35.Qxc7+ Qf7 36.Qe5+ Qf6 37.Qc5 Qd6 38.Qa7+ Rf7 39.Qa8 Rf8 40.Qe4 Rf7
41.Ra1 Ra7 42.b4 Qe7 43.Qd5 Qd6 44.Qe4 Qe7 45.Qc6 Qd6 46.Qc8 Qe7 47.Qc6 
Qd6 48.Qc8 Ne7 49.Qe8 Nd5 50.Rc1 Re7 51.Qa8 Nc3 52.Ra1 Na4 53.Rc1 Nc3 54.
Ra1 Na4 55.Rc1 Nc3 56.Ra1 1/2-1/2

[Event "19th Asia-ch (w)"]
[Site "Al-Ain UAE"]
[Date "2015.08.07"]
[Round "6.17"]
[White "Khalaji, Hanieh"]
[Black "Mohota, Nisha"]
[Result "0-1"]
[WhiteElo "1965"]
[BlackElo "2259"]
[EventDate "2015.08.02"]
[PlyCount "44"]

1.e4 d6 2.d4 Nf6 3.Bd3 e5 4.c3 Be7 5.Ne2 O-O 6.O-O c6 7.a4 d5 8.Nd2 Nbd7 
9.f3 c5 10.exd5 Nxd5 11.Nb3 cxd4 12.cxd4 exd4 13.Nexd4 N7f6 14.Kh1 Bd6 15.
Nf5 Bxf5 16.Bxf5 Qc7 17.g3 Rfe8 18.Nd4 a6 19.Qd3 g6 20.Bh3 Bxg3 21.hxg3 
Qxg3 22.Bg2 Nf4 0-1

[Event "19th Asia-ch (w)"]
[Site "Al-Ain UAE"]
[Date "2015.08.07"]
[Round "6.18"]
[White "Liu Manli"]
[Black "Nakhbaeva, Guliskhan"]
[Result "0-1"]
[WhiteElo "1995"]
[BlackElo "2327"]
[EventDate "2015.08.02"]
[PlyCount "76"]

1.e4 e6 2.d4 d5 3.Nd2 Nf6 4.e5 Nfd7 5.Bd3 c5 6.c3 Nc6 7.Ne2 cxd4 8.cxd4 f6
9.exf6 Qxf6 10.Nf3 h6 11.O-O Bd6 12.Nc3 O-O 13.Bc2 Rf7 14.a3 Nf8 15.Qd3 
Bd7 16.Be3 Rc8 17.Rac1 Be8 18.Ne1 Na5 19.Nb5 Bb8 20.Nf3 Nc4 21.Qb3 Rc6 22.
a4 a6 23.Na3 Qd8 24.Nxc4 Rxc4 25.Qd3 Rxf3 26.gxf3 Qc7 27.f4 Bg6 28.Qd2 
Bxc2 29.f3 Ng6 30.Kh1 Nh4 31.Kg1 Nf5 32.Rf2 Nxe3 33.Qxe3 Bf5 34.Rxc4 dxc4 
35.Qc3 Qxf4 36.Qxc4 Ba7 37.Kg2 Bxd4 38.Rf1 Qd2+ 0-1

[Event "19th Asia-ch (w)"]
[Site "Al-Ain UAE"]
[Date "2015.08.07"]
[Round "6.19"]
[White "Mir Mahmoud, Afamia"]
[Black "Le Kieu Thien Kim"]
[Result "0-1"]
[WhiteElo "1949"]
[BlackElo "2226"]
[EventDate "2015.08.02"]
[PlyCount "48"]

1.d4 Nf6 2.Nf3 d5 3.c4 e6 4.g3 dxc4 5.Bg2 a6 6.O-O Be7 7.Qc2 O-O 8.Rd1 
Nbd7 9.a4 c5 10.Qxc4 b5 11.Qc2 Bb7 12.dxc5 Bxc5 13.axb5 Qb6 14.e3 axb5 15.
Rxa8 Rxa8 16.Nc3 b4 17.Na4 b3 18.Qc4 Qb4 19.Qxb4 Bxb4 20.Nc3 Bxc3 21.bxc3 
Ra1 22.Rf1 Ba6 23.Re1 Bd3 24.Bf1 Be4 0-1

[Event "19th Asia-ch (w)"]
[Site "Al-Ain UAE"]
[Date "2015.08.07"]
[Round "6.20"]
[White "Ankhchimeg, Bayanmunkh"]
[Black "Nouman, Amna"]
[Result "1-0"]
[WhiteElo "2180"]
[BlackElo "1935"]
[EventDate "2015.08.02"]
[PlyCount "87"]

1.e4 e5 2.d4 exd4 3.Qxd4 Nc6 4.Qe3 d6 5.Nf3 Bd7 6.Bc4 Be7 7.Qb3 Na5 8.
Bxf7+ Kf8 9.Qc3 Kxf7 10.Qxa5 b6 11.Qc3 Bf6 12.e5 dxe5 13.O-O e4 14.Qc4+ 
Be6 15.Qxe4 Qd5 16.Qf4 Ne7 17.Nc3 Qf5 18.Ng5+ Bxg5 19.Qxg5 Qxg5 20.Bxg5 a6
21.Rfe1 Nf5 22.Re5 Nd4 23.Nd5 Rac8 24.Ne7 Rcd8 25.f4 Rhe8 26.c3 Nb5 27.a4 
Na7 28.Rae1 Bc8 29.Nxc8 Rxc8 30.Re7+ Kf8 31.Rxe8+ Rxe8 32.Rxe8+ Kxe8 33.
Kf2 Kd7 34.Ke3 Nc8 35.Kd4 Nd6 36.g4 Nf7 37.Bh4 Ke6 38.b4 Kd7 39.f5 Nd6 40.
Bg3 Nc8 41.b5 axb5 42.axb5 Ne7 43.Ke5 c5 44.c4 1-0

[Event "19th Asia-ch (w)"]
[Site "Al-Ain UAE"]
[Date "2015.08.07"]
[Round "6.21"]
[White "Al-Rufei, Eman Hassane"]
[Black "Al-Attar, Ghaya"]
[Result "1/2-1/2"]
[WhiteElo "2088"]
[BlackElo "1913"]
[EventDate "2015.08.02"]
[PlyCount "109"]

1.e4 e5 2.Nf3 Nc6 3.Bc4 Nf6 4.d3 Be7 5.O-O O-O 6.Nc3 d6 7.h3 Na5 8.Bb3 
Nxb3 9.axb3 c5 10.Ne2 Ne8 11.g4 h5 12.Nh2 hxg4 13.hxg4 Kh7 14.Ng3 g6 15.
Kg2 Rh8 16.f4 exf4 17.Bxf4 Kg7 18.Qf3 Be6 19.Rh1 Qc8 20.Nf5+ gxf5 21.gxf5 
Bxf5 22.exf5 Qc6 23.Qxc6 bxc6 24.Ra6 Nf6 25.Rxc6 Rad8 26.Rc7 Nd5 27.Rxa7 
Nxf4+ 28.Kf3 Bg5 29.Rg1 Rh3+ 30.Rg3 Rxg3+ 31.Kxg3 Rh8 32.Nf3 Bh6 33.Rd7 
Kf6 34.Rxd6+ Kxf5 35.Rc6 Rg8+ 36.Kf2 Nh3+ 37.Kf1 Be3 38.Ke2 Re8 39.Kf1 Ng5
40.Nh4+ Kg4 41.Ng2 f5 42.Nxe3+ Rxe3 43.Rxc5 f4 44.b4 Nf3 45.Kf2 Nd4 46.Rc4
Nf5 47.Rc8 Rf3+ 48.Ke1 Rh3 49.b5 Nd4 50.b6 Rh7 51.Rc7 Nf3+ 52.Kf2 Rh2+ 53.
Kf1 Rh1+ 54.Kg2 Rh2+ 55.Kf1 1/2-1/2

[Event "19th Asia-ch (w)"]
[Site "Al-Ain UAE"]
[Date "2015.08.07"]
[Round "6.22"]
[White "Hj Azahari, Siti Nur Fatimah"]
[Black "Hong Xing"]
[Result "0-1"]
[WhiteElo "2073"]
[BlackElo "1882"]
[EventDate "2015.08.02"]
[PlyCount "94"]

1.e4 c5 2.Nf3 Nc6 3.Bb5 g6 4.d3 Bg7 5.Bxc6 dxc6 6.h3 Nf6 7.O-O O-O 8.Nbd2 
Qc7 9.Nb3 b6 10.Be3 c4 11.Nc1 Rd8 12.Qe2 cxd3 13.cxd3 Ba6 14.Qc2 c5 15.Rd1
Rac8 16.Ne2 Qd7 17.Ne5 Qe6 18.f4 Nd7 19.Nf3 Nb8 20.Nc3 Nc6 21.Ng5 Qd7 22.
Qb3 e6 23.e5 Nd4 24.Bxd4 Qxd4+ 25.Kh1 Qxf4 26.Nxe6 fxe6 27.Qxe6+ Kh8 28.
Rf1 Qxe5 29.Qxe5 Bxe5 30.Rae1 Bxd3 31.Rf7 Re8 32.Rd1 c4 33.Rxa7 Ra8 34.Rb7
Reb8 35.Rd7 Rd8 36.Rb7 Bxc3 37.bxc3 Be4 38.Rxd8+ Rxd8 39.Rxb6 Rd1+ 40.Kh2 
Rd2 41.Re6 Bxg2 42.Kg3 Rxa2 43.h4 Bf1 44.Kf4 Kg7 45.Re3 Bd3 46.Kg5 Rg2+ 
47.Kf4 Rc2 0-1

[Event "19th Asia-ch (w)"]
[Site "Al-Ain UAE"]
[Date "2015.08.07"]
[Round "6.23"]
[White "Al-Maamari, Wafa Darwish"]
[Black "Otgonjargal, Sengeravdan"]
[Result "0-1"]
[WhiteElo "1500"]
[BlackElo "2213"]
[EventDate "2015.08.02"]
[PlyCount "124"]

1.e4 e5 2.Nf3 Nf6 3.Bc4 Be7 4.d3 Nc6 5.Nbd2 d6 6.c3 O-O 7.O-O Na5 8.Bb5 a6
9.Ba4 b5 10.Bc2 c5 11.Re1 Re8 12.h3 Nc6 13.Nf1 Bf8 14.d4 Bb7 15.d5 Nb8 16.
Ng3 c4 17.Nf5 Nbd7 18.b3 Qc7 19.b4 a5 20.a4 axb4 21.cxb4 bxa4 22.Rxa4 Nb6 
23.Rxa8 Rxa8 24.Be3 Bc8 25.N3h4 Ra2 26.Re2 Rb2 27.Qe1 Bd7 28.Qc3 Na4 29.
Qe1 c3 30.Bg5 Ne8 31.Bc1 Rxb4 32.Ba3 Rb8 33.Ne3 Nb2 34.Nd1 Nxd1 35.Qxd1 
Qa5 36.Bc1 Nc7 37.Qe1 Nb5 38.Re3 Rc8 39.Nf3 g6 40.Rd3 Qa1 41.Rd1 Qa2 42.
Qe2 Bg7 43.Be3 Na3 44.Rc1 Bb5 45.Qd1 Nxc2 46.Rxc2 Qc4 47.Nd2 Qd3 48.Qc1 
Ba4 49.Ra2 Bd7 50.Ra3 h5 51.Nb1 Qxe4 52.Rxc3 Rb8 53.Nd2 Qxd5 54.Nf3 e4 55.
Ba7 Rb7 56.Bd4 exf3 57.Bxg7 Kxg7 58.Rxf3 Bf5 59.Qc3+ Qe5 60.Qxe5+ dxe5 61.
Kh2 e4 62.Re3 h4 0-1

[Event "19th Asia-ch (w)"]
[Site "Al-Ain UAE"]
[Date "2015.08.07"]
[Round "6.24"]
[White "Antonova, Nadezhda"]
[Black "Asil, Odeh"]
[Result "0-1"]
[WhiteElo "2011"]
[BlackElo "1588"]
[EventDate "2015.08.02"]
[PlyCount "88"]

1.d4 d5 2.Nf3 Nf6 3.e3 c6 4.c4 Bf5 5.Nc3 e6 6.Nh4 Bg6 7.Nxg6 hxg6 8.g3 Bd6
9.c5 Be7 10.f4 Nh5 11.Bg2 f5 12.O-O Nd7 13.b4 g5 14.g4 fxg4 15.Qxg4 Nf8 
16.Qf3 gxf4 17.exf4 Qc7 18.b5 O-O-O 19.bxc6 Qxc6 20.Be3 Ng6 21.Qg4 Nh4 22.
Bh3 Nf5 23.Qf3 Rdg8 24.Bxf5 exf5 25.Nxd5 Bd8 26.Rf2 Nf6 27.Nb4 Qe8 28.Rg2 
Ng4 29.Bf2 Bh4 30.Bxh4 Rxh4 31.Rb1 Rgh8 32.Nc2 Qe7 33.Re1 Qf7 34.Ree2 Qxa2
35.Ne1 Qc4 36.Nc2 Rh3 37.Qf1 Nxh2 38.Re8+ Rxe8 39.Qxc4 Nf3+ 40.Kf2 Nd2 41.
Qf7 Rf3+ 42.Kg1 Rf1+ 43.Kh2 Rh8+ 44.Kg3 Rf3# 0-1

[Event "19th Asia-ch (w)"]
[Site "Al-Ain UAE"]
[Date "2015.08.07"]
[Round "6.25"]
[White "Al-Shaibi, Boshra"]
[Black "Li Yunshan"]
[Result "1/2-1/2"]
[WhiteElo "1987"]
[BlackElo "1835"]
[EventDate "2015.08.02"]
[PlyCount "49"]

1.d4 Nf6 2.c4 g6 3.Nc3 d5 4.cxd5 Nxd5 5.Bd2 Bg7 6.e4 Nxc3 7.Bxc3 O-O 8.Qd2
Nc6 9.d5 Ne5 10.f4 Ng4 11.Bxg7 Kxg7 12.Nf3 e6 13.Qd4+ Nf6 14.O-O-O exd5 
15.exd5 Bf5 16.Ne5 Kg8 17.Be2 Be4 18.Bf3 Bxf3 19.gxf3 Qd6 20.Rd2 Rad8 21.
Rhd1 Qa6 22.Qc4 Qxc4+ 23.Nxc4 Rd7 24.Ne5 Rd6 25.Nc4 1/2-1/2